[Event "World Rapid Women 2022"]
[Site "Almaty KAZ"]
[Date "2022.12.27"]
[Round "5.11"]
[White "Harika, Dronavalli"]
[Black "Sultanbek, Zeinep"]
[Result "1/2-1/2"]
[WhiteTitle "GM"]
[BlackTitle "WIM"]
[WhiteElo "2507"]
[BlackElo "1891"]
[WhiteFideId "5015197"]
[BlackFideId "13710419"]
[EventDate "2022.12.26"]

1. b3 Nf6 2. Bb2 e6 3. Nf3 c5 4. g3 b6 5. Bg2 Bb7 6. O-O Be7 7. c4 O-O 8. Nc3 d5
9. e3 Qc8 10. Qe2 Rd8 11. d3 Nc6 12. Rfd1 d4 13. exd4 Nxd4 14. Nxd4 cxd4 15. Ne4
Nxe4 16. Bxe4 Qc7 17. f4 g6 18. Qf3 Bxe4 19. Qxe4 Rac8 20. Rac1 Bf8 21. Re1 Rd7
22. Re2 Re8 23. Kg2 Qd8 24. Qf3 a5 25. a3 Bc5 26. Qe4 Qf6 27. Qe5 Qxe5 28. fxe5
Rb8 29. Rcc2 Bf8 30. Re4 Bc5 31. Bc1 Bf8 32. a4 Be7 33. Rf2 Rc8 34. g4 Kg7 35.
Kg3 h6 36. h4 Bb4 37. h5 g5 38. Rf1 Ra8 39. Bb2 Bc5 40. Kf3 Raa7 41. Ke2 Ra8 42.
Kf3 Ra6 43. Re2 Ra8 44. Ke4 Ra6 45. Ref2 Ra8 46. Rf6 Ra6 47. Bc1 Raa7 48. Bd2
Ra8 49. Ra1 Ra6 50. Rff1 Ra8 51. Rfb1 Rda7 52. Be1 Kf8 53. Ra2 Kg7 54. Bf2 Rd8
55. Rbb2 Kf8 56. Be1 Rda8 57. Bd2 Kg7 58. b4 axb4 59. Bxb4 Rxa4 60. Rxa4 Rxa4
61. Bxc5 bxc5 62. Rb5 Ra1 63. Rxc5 Rg1 64. Kxd4 Rxg4+ 65. Ke3 Rg3+ 66. Ke4 Rg4+
67. Kf3 Rh4 68. Rb5 Rh3+ 69. Ke4 Rh4+ 70. Ke3 Rh3+ 71. Kd2 Rh2+ 72. Kc3 Rxh5 73.
c5 Rh1 74. Kd2 Rh2+ 75. Kc3 Rh1 76. Kd2 Rh2+ 77. Kc3 Rh1 78. Kd2 Rh2+ 79. Kc3 1/2-1/2

[Event "World Rapid Women 2022"]
[Site "Almaty KAZ"]
[Date "2022.12.27"]
[Round "5.12"]
[White "Khademalsharieh, Sarasadat"]
[Black "Mkrtchyan, Mariam"]
[Result "1-0"]
[WhiteTitle "IM"]
[BlackTitle "WIM"]
[WhiteElo "2490"]
[BlackElo "2364"]
[WhiteFideId "12512214"]
[BlackFideId "13310828"]
[EventDate "2022.12.26"]

1. d4 d5 2. c4 c6 3. cxd5 cxd5 4. Nc3 Nf6 5. Nf3 Nc6 6. Bf4 Bf5 7. e3 e6 8. Be2
Bd6 9. Ne5 Bxe5 10. Bxe5 O-O 11. g4 Bg6 12. h4 h6 13. Bf4 Ne4 14. Nxe4 dxe4 15.
g5 Qa5+ 16. Kf1 hxg5 17. hxg5 Rfd8 18. Qb3 Qb4 19. Kg2 Qd2 20. Rh4 Qb4 21. Rah1
Kf8 22. Qxb4+ Nxb4 23. Bc7 Ke7 24. Bxd8+ Rxd8 25. Rc1 Kd6 26. a3 Nd5 27. Bh5
Bxh5 28. Rxh5 g6 29. Rh4 f5 30. gxf6 Nxf6 31. Rc5 b6 32. Rg5 Rg8 33. Rh6 1-0

[Event "World Rapid Women 2022"]
[Site "Almaty KAZ"]
[Date "2022.12.27"]
[Round "5.13"]
[White "Stefanova, Antoaneta"]
[Black "Charochkina, Daria"]
[Result "1-0"]
[WhiteTitle "GM"]
[BlackTitle "IM"]
[WhiteElo "2442"]
[BlackElo "2344"]
[WhiteFideId "2902257"]
[BlackFideId "4180917"]
[EventDate "2022.12.26"]

1. d4 d5 2. c4 c6 3. Nf3 Nf6 4. Qb3 dxc4 5. Qxc4 Bg4 6. Nbd2 Nbd7 7. g3 e6 8.
Bg2 Be7 9. O-O O-O 10. Qb3 Qb6 11. Nc4 Qa6 12. Bd2 Ne4 13. Be3 Nd6 14. Nxd6 Bxd6
15. Rfe1 h6 16. Bd2 e5 17. dxe5 Nxe5 18. Nd4 Bc5 19. Bc3 Rad8 20. Rad1 Rfe8 21.
h3 Bc8 22. e3 b5 23. a3 Qb6 24. Qc2 Bf8 25. Ne2 c5 26. Rxd8 Qxd8 27. Rd1 Qb6 28.
Nf4 b4 29. axb4 cxb4 30. Bxe5 b3 31. Qc1 Bf5 32. Bd4 1-0

[Event "World Rapid Women 2022"]
[Site "Almaty KAZ"]
[Date "2022.12.27"]
[Round "5.14"]
[White "Shuvalova, Polina"]
[Black "Muminova, Nafisa"]
[Result "1/2-1/2"]
[WhiteTitle "IM"]
[BlackTitle "WGM"]
[WhiteElo "2502"]
[BlackElo "2274"]
[WhiteFideId "24171760"]
[BlackFideId "14201526"]
[EventDate "2022.12.26"]

1. d4 Nf6 2. Nf3 e6 3. Bg5 d5 4. e3 Be7 5. Nbd2 O-O 6. Bd3 c5 7. c3 Nbd7 8. Qe2
b6 9. h4 Bb7 10. h5 Ne4 11. Bxe7 Qxe7 12. h6 g6 13. O-O-O a5 14. Ne5 f6 15. Nxd7
Qxd7 16. Nxe4 dxe4 17. Bb5 Bc6 18. a4 Bxb5 19. Qxb5 Qxb5 20. axb5 Rac8 21. dxc5
Rxc5 22. Rd6 Rxb5 23. Rxe6 Rf5 24. Rd1 Rh5 25. Rxb6 Rxh6 26. g3 Rh5 27. Re6 Re5
28. Rdd6 Kf7 29. Rxf6+ Ke7 30. Rxf8 Kxf8 31. g4 Ke7 32. Ra6 Rg5 33. Ra7+ Ke6 34.
Rxh7 Rxg4 35. Kd2 Rg5 36. Rb7 Rd5+ 37. Ke2 Rc5 38. Rb6+ Kf5 39. f3 g5 40. Rb8
exf3+ 41. Kxf3 g4+ 42. Kf2 Ke4 43. Rd8 Rf5+ 44. Ke2 Rb5 45. Rd4+ Kf5 46. Rd2 Ke4
47. c4 Rb3 48. Rd4+ Kf5 49. Rd5+ Ke4 50. Rd4+ Kf5 51. Rd5+ Ke4 52. Rd4+ Kf5 1/2-1/2

[Event "World Rapid Women 2022"]
[Site "Almaty KAZ"]
[Date "2022.12.27"]
[Round "5.15"]
[White "Munkhzul, Turmunkh"]
[Black "Javakhishvili, Lela"]
[Result "1/2-1/2"]
[WhiteTitle "WIM"]
[BlackTitle "IM"]
[WhiteElo "2318"]
[BlackElo "2440"]
[WhiteFideId "4901878"]
[BlackFideId "13601458"]
[EventDate "2022.12.26"]

1. e4 e5 2. Nf3 Nc6 3. Bb5 Nf6 4. O-O Nxe4 5. d4 Nd6 6. Bxc6 dxc6 7. dxe5 Nf5 8.
Qxd8+ Kxd8 9. Nc3 Ke8 10. h3 h5 11. b3 Be7 12. Bb2 b6 13. Rad1 h4 14. Ne4 Rh5
15. Rfe1 Be6 16. c4 a5 17. a4 Rd8 18. Bc3 Rd7 19. Rxd7 Kxd7 20. Bd2 Kc8 21. Neg5
Rh8 22. Nxe6 fxe6 23. Bg5 Bxg5 24. Nxg5 Nd4 25. Re3 c5 26. Nf3 Rh5 27. Nxd4 cxd4
28. Re4 c5 29. Kf1 Kd7 30. Ke2 Ke7 31. Ke1 Rg5 32. Rxh4 Rxg2 33. Kf1 Rg5 34. Rg4
Rxe5 35. Rxg7+ Kd6 36. Rg8 Rh5 37. Kg2 Ke5 38. Rb8 Rh7 39. Kf1 Rxh3 40. Rxb6 d3
41. Ke1 Rf3 42. Kd2 Rxf2+ 43. Kxd3 Rf3+ 44. Kc2 Rf2+ 45. Kd1 Rf3 46. Kc2 Rf2+
47. Kc3 Rf3+ 48. Kb2 Rf2+ 49. Kc3 Rf3+ 50. Kc2 Rf2+ 51. Kd3 Rf3+ 52. Ke2 Rh3 53.
Rc6 Kd4 54. Rd6+ Kc3 55. Rb6 e5 56. Rb8 Rh2+ 57. Ke3 Rb2 58. Ke4 Rxb3 59. Ra8
Kb4 60. Kxe5 Rd3 61. Rb8+ Kxc4 62. Rb5 Rd5+ 63. Ke6 Rh5 64. Kd6 Rh6+ 65. Ke5 Ra6
66. Ke4 Re6+ 67. Kf5 Ra6 68. Ke4 Ra8 69. Ke3 Rd8 70. Rxa5 Kb4 71. Rb5+ Kc4 72.
Ra5 Rd3+ 73. Ke2 Rd5 74. Rb5 Rd8 75. Ra5 Kd4 76. Kd2 c4 77. Rh5 Rg8 78. Rh4+ Kc5
79. Rh5+ Kb4 80. Rb5+ Kxa4 81. Rb7 Rg3 82. Kc2 Rb3 83. Rxb3 cxb3+ 84. Kb2 Kb4
85. Kb1 Kc3 86. Kc1 b2+ 87. Kb1 1/2-1/2

[Event "World Rapid Women 2022"]
[Site "Almaty KAZ"]
[Date "2022.12.27"]
[Round "5.16"]
[White "Mammadova, Gulnar"]
[Black "Shukhman, Anna"]
[Result "1-0"]
[WhiteTitle "IM"]
[BlackTitle "WFM"]
[WhiteElo "2376"]
[BlackElo "2161"]
[WhiteFideId "13403508"]
[BlackFideId "54180058"]
[EventDate "2022.12.26"]

1. e4 c5 2. Nf3 g6 3. c3 Bg7 4. d4 cxd4 5. cxd4 d5 6. e5 a6 7. h3 Nc6 8. Nc3 f6
9. Bf4 fxe5 10. Nxe5 Nf6 11. Be2 O-O 12. Nxc6 bxc6 13. Be5 Bf5 14. O-O Ne4 15.
Bxg7 Nxc3 16. bxc3 Kxg7 17. Bd3 Qd7 18. Re1 a5 19. Qe2 Rae8 20. Rab1 Bxd3 21.
Qxd3 Rb8 22. Qe3 Rxb1 23. Rxb1 Qd6 24. Rb7 Rf7 25. h4 Qf6 26. g3 c5 27. dxc5 e5
28. c6 Qxc6 29. Qxe5+ Kg8 30. Rb2 a4 31. Rd2 Rd7 32. c4 a3 33. Qe8+ Kg7 34. Rxd5
Rc7 35. Qe5+ Kf7 36. Qf4+ Kg7 37. Rd6 Qc5 38. Qf6+ Kh6 39. Qf8+ Kh5 40. Rd5+ 1-0

[Event "World Rapid Women 2022"]
[Site "Almaty KAZ"]
[Date "2022.12.27"]
[Round "5.17"]
[White "Kamalidenova, Meruert"]
[Black "Fataliyeva, Ulviyya"]
[Result "1-0"]
[WhiteTitle "WIM"]
[BlackTitle "IM"]
[WhiteElo "2377"]
[BlackElo "2428"]
[WhiteFideId "13712802"]
[BlackFideId "13403052"]
[EventDate "2022.12.26"]

1. e4 e6 2. d4 d5 3. e5 c5 4. c3 Nc6 5. Nf3 Bd7 6. Be2 f6 7. O-O fxe5 8. dxe5
Qc7 9. Bf4 Nh6 10. c4 d4 11. a3 Nf7 12. Bd3 Be7 13. Bg3 g5 14. h3 O-O-O 15. b4
cxb4 16. axb4 Bxb4 17. Nbd2 h5 18. Bg6 Rdf8 19. Bxf7 Rxf7 20. Nxg5 Rf5 21. Nge4
h4 22. Bh2 Be7 23. c5 Rf7 24. Nc4 Rg7 25. f3 Kb8 26. Rf2 Rhg8 27. Qb3 Nd8 28.
Qa3 a6 29. Rb1 Bc6 30. Ned6 Bxd6 31. exd6 Qf7 32. Rbb2 Qf5 33. d7+ Ka7 34. Nd6
Rxg2+ 35. Rxg2 Rxg2+ 36. Kxg2 Qg5+ 37. Kf2 1-0

[Event "World Rapid Women 2022"]
[Site "Almaty KAZ"]
[Date "2022.12.27"]
[Round "5.18"]
[White "Gong, Qianyun"]
[Black "Tereladze, Sopio"]
[Result "1-0"]
[WhiteTitle "WGM"]
[BlackTitle "WIM"]
[WhiteElo "2299"]
[BlackElo "2215"]
[WhiteFideId "8602425"]
[BlackFideId "13600486"]
[EventDate "2022.12.26"]

1. e4 e5 2. Nf3 Nc6 3. Bc4 Nf6 4. d3 Be7 5. Bb3 d5 6. Qe2 Bg4 7. c3 O-O 8. Nbd2
Re8 9. h3 Bh5 10. g4 Bg6 11. Nh4 dxe4 12. Nxg6 exd3 13. Nxe7+ Rxe7 14. Qe3 e4
15. Nf1 Ne5 16. Bd2 Nf3+ 17. Kd1 a5 18. a4 Nd5 19. Qc5 Re5 20. Bxd5 Rxd5 21. Qc4
Re5 22. Be3 c6 23. Nd2 b5 24. Qxc6 Rc8 25. Qb6 Qd5 26. Qxb5 Qe6 27. Qb6 Rc6 1-0

[Event "World Rapid Women 2022"]
[Site "Almaty KAZ"]
[Date "2022.12.27"]
[Round "5.19"]
[White "Nurgaliyeva, Zarina"]
[Black "Savitha, Shri B"]
[Result "0-1"]
[WhiteTitle "WFM"]
[BlackTitle "WIM"]
[WhiteElo "2013"]
[BlackElo "2411"]
[WhiteFideId "13730096"]
[BlackFideId "35061887"]
[EventDate "2022.12.26"]

1. e4 c5 2. Nf3 e6 3. g3 Nc6 4. Bg2 Nf6 5. Qe2 e5 6. O-O Be7 7. c3 d6 8. d3 O-O
9. Nbd2 Re8 10. Nc4 b5 11. Ne3 Bf8 12. Nh4 Rb8 13. f4 c4 14. f5 cxd3 15. Qxd3
Be7 16. Nf3 Bb7 17. b3 d5 18. Nd2 d4 19. Nc2 dxc3 20. Qxc3 Nd4 21. Nxd4 exd4 22.
Qd3 Ng4 23. Nf3 Bf6 24. Re1 Ne3 25. Nd2 Rc8 26. Bb2 Nc2 27. Rac1 Nxe1 28. Rxe1
Qb6 29. Kh1 Qa5 30. a3 a6 31. Nf3 Qc7 32. Bxd4 Rcd8 33. Qe3 Rxe4 34. Qf2 Bxd4
35. Nxd4 Rxe1+ 36. Qxe1 Bxg2+ 37. Kxg2 Qd6 38. Nf3 Qxa3 39. Qb1 a5 40. f6 a4 41.
Ng5 g6 42. Kh3 Qxb3 43. Qe4 Qd5 44. Qh4 Qf5+ 45. g4 Rd3+ 46. Kg2 Rd2+ 47. Kg3
Qe5+ 48. Kf3 Qc3+ 0-1

[Event "World Rapid Women 2022"]
[Site "Almaty KAZ"]
[Date "2022.12.27"]
[Round "5.20"]
[White "Bivol, Alina"]
[Black "Yao, Lan"]
[Result "1-0"]
[WhiteTitle "IM"]
[BlackTitle "WIM"]
[WhiteElo "2364"]
[BlackElo "2271"]
[WhiteFideId "4100123"]
[BlackFideId "8610835"]
[EventDate "2022.12.26"]

1. e4 c5 2. Nf3 e6 3. g3 Nc6 4. Bg2 Nf6 5. Nc3 a6 6. O-O Qc7 7. d4 cxd4 8. Nxd4
h5 9. Nf3 Ng4 10. h3 Nge5 11. Bf4 Bc5 12. Nd5 Qb8 13. b4 Ba7 14. c4 d6 15. b5
Nxf3+ 16. Bxf3 Ne5 17. b6 exd5 18. bxa7 Qxa7 19. exd5 O-O 20. Bxe5 dxe5 21. Bxh5
Qc5 22. Rc1 Bxh3 23. Re1 Rae8 24. Qd3 Bd7 25. Qe3 Qd6 26. Red1 b6 27. c5 bxc5
28. Qxc5 Qh6 29. Be2 e4 30. Qe3 Qd6 31. Rb1 f5 32. Rb6 Qe5 33. Qd4 e3 34. Qxe5
exf2+ 35. Kxf2 Rxe5 36. Rb7 f4 37. Bc4 fxg3+ 38. Kg2 Bb5 39. Bb3 Kh7 40. Rd2
Bf1+ 41. Kxg3 Re3+ 42. Kh2 Rh3+ 43. Kg1 Rg3+ 44. Kh2 Rh3+ 45. Kg1 Rg3+ 46. Kh1
Bb5 47. Kh2 Rg5 48. Bc2+ Kg8 49. d6 Rh5+ 50. Kg3 Rd8 51. Bb3+ Kh7 52. d7 Re5 53.
Bc2+ Kg8 54. a4 Bf1 55. Rc7 Kf7 56. Rf2+ Ke7 57. Rxf1 Rxd7 58. Rxd7+ Kxd7 59.
Rf7+ Kc6 60. Rxg7 Re2 61. Bf5 Kc5 62. Rg6 a5 63. Bd7 Re1 64. Kf2 Re5 65. Bb5 Kb4
66. Rg4+ Kc5 67. Rc4+ Kb6 68. Kf3 Re6 69. Re4 Rd6 70. Ke3 Kc5 71. Rc4+ Kb6 72.
Rd4 Rh6 73. Kd3 Rg6 74. Re4 Rh6 75. Kd4 Rd6+ 76. Kc4 Rh6 77. Kd5 Rh5+ 78. Re5
Rh1 79. Re6+ Kb7 80. Ba6+ Kc7 81. Rc6+ Kb8 82. Kc5 Ka7 83. Bc4 Rh5+ 84. Bd5 Rg5
85. Rd6 Kb8 86. Kb6 1-0

[Event "World Rapid Women 2022"]
[Site "Almaty KAZ"]
[Date "2022.12.27"]
[Round "5.21"]
[White "Hajiyeva, Laman"]
[Black "Assaubayeva, Bibisara"]
[Result "1-0"]
[WhiteTitle "WFM"]
[BlackTitle "IM"]
[WhiteElo "2135"]
[BlackElo "2440"]
[WhiteFideId "13415875"]
[BlackFideId "13708694"]
[EventDate "2022.12.26"]

1. e4 c5 2. c3 d5 3. exd5 Qxd5 4. d4 g6 5. Nf3 Bg7 6. Na3 cxd4 7. Bc4 Qe4+ 8.
Be3 Nh6 9. Nb5 O-O 10. cxd4 Nf5 11. Qb3 Nxe3 12. Qxe3 Qxe3+ 13. fxe3 Nc6 14. O-O
a6 15. Nc3 b5 16. Bd5 Bb7 17. Rae1 Rad8 18. Ng5 e6 19. Rxf7 Rxf7 20. Bxe6 Rf8
21. Nxf7 Rxf7 22. Ne4 Nd8 23. Bxf7+ Nxf7 24. Nc5 Bd5 25. Nxa6 Bxa2 26. Ra1 Bc4
27. Nc5 Nd6 28. Ra8+ Kf7 29. Ra7+ Kf8 30. b3 Bf7 31. g4 h5 32. h3 hxg4 33. hxg4
Ke8 34. Kf2 Bf6 35. Ke2 Bd5 36. Kd3 Bg2 37. e4 Bg5 38. e5 Nc8 39. d5 Bxd5 40.
Ra6 Ne7 41. Rb6 Bg2 42. Ne6 Bf1+ 43. Kc2 Be3 44. Rd6 Bh3 45. Kd3 Bc1 46. Kc2 Be3
47. Kd3 Bc1 48. Rd5 Bxg4 49. Nd4 1-0

[Event "World Rapid Women 2022"]
[Site "Almaty KAZ"]
[Date "2022.12.27"]
[Round "5.22"]
[White "Lagno, Kateryna"]
[Black "Padmini, Rout"]
[Result "1/2-1/2"]
[WhiteTitle "GM"]
[BlackTitle "IM"]
[WhiteElo "2563"]
[BlackElo "2389"]
[WhiteFideId "14109336"]
[BlackFideId "5029295"]
[EventDate "2022.12.26"]

1. e4 c6 2. d4 d5 3. Nd2 dxe4 4. Nxe4 Bf5 5. Ng3 Bg6 6. h4 h6 7. Nf3 Nd7 8. Bd3
Bxd3 9. Qxd3 Ngf6 10. Bf4 e6 11. O-O-O Qa5 12. Kb1 Be7 13. Nf1 O-O-O 14. Ne3 Nd5
15. Bg3 Nxe3 16. Qxe3 Qf5 17. d5 Bc5 18. Nd4 Qxd5 19. b4 Bb6 20. Qf3 Nf6 21. Qf4
e5 22. Qf5+ Qd7 23. Nxc6 Qxf5 24. Ne7+ Kb8 25. Nxf5 Bc7 26. Rxd8+ Rxd8 27. Re1
e4 28. Bxc7+ Kxc7 29. f3 exf3 30. gxf3 g5 31. hxg5 hxg5 32. Nh6 Rd7 33. Re5 Nh7
34. Rf5 f6 35. Ng4 Rd6 36. Kb2 Kd7 37. a4 b6 38. a5 Ke6 39. Rb5 Nf8 40. axb6
axb6 41. Ne3 Nd7 42. Nc4 Rd5 43. Rxd5 Kxd5 44. Kc3 f5 45. Kd3 Ne5+ 46. Nxe5 Kxe5
47. c4 g4 48. fxg4 fxg4 49. Ke3 g3 50. Kf3 Kd4 51. c5 bxc5 52. bxc5 Kxc5 53.
Kxg3 1/2-1/2

[Event "World Rapid Women 2022"]
[Site "Almaty KAZ"]
[Date "2022.12.27"]
[Round "5.23"]
[White "Gvetadze, Sofio"]
[Black "Saduakassova, Dinara"]
[Result "0-1"]
[WhiteTitle "IM"]
[BlackTitle "IM"]
[WhiteElo "2298"]
[BlackElo "2434"]
[WhiteFideId "13601440"]
[BlackFideId "13700090"]
[EventDate "2022.12.26"]

1. Nf3 Nf6 2. g3 e6 3. Bg2 d5 4. O-O c5 5. d3 Nc6 6. Nbd2 Be7 7. e4 O-O 8. Re1
b5 9. e5 Nd7 10. Nf1 a5 11. h4 b4 12. N1h2 a4 13. a3 bxa3 14. bxa3 Ba6 15. Bg5
h6 16. Bf4 Re8 17. Ng4 Bf8 18. Qd2 Nd4 19. Nfh2 Rb8 20. Rab1 Nf5 21. Ne3 Nxe3
22. Qxe3 c4 23. d4 Qe7 24. Ra1 Rb2 25. Qc3 Reb8 26. Ng4 Qd8 27. Ne3 R2b5 28. h5
Qa5 29. Qxa5 Rxa5 30. Nxd5 exd5 31. e6 fxe6 32. Bxb8 Nxb8 33. Rxe6 c3 34. Bh3
Bc8 35. Re8 Bxh3 36. Rxb8 Bf5 37. Re1 Ra7 38. Re3 Rf7 39. Rxc3 g6 40. hxg6 Bxg6
41. Ra8 Be4 42. f4 Kh7 43. Rxa4 Bg7 44. Rc8 Rb7 45. Rb4 Ra7 46. c3 Rxa3 47. Rc7
Ra2 48. Rbb7 Rg2+ 49. Kf1 Rxg3 50. Kf2 Rg4 51. Rf7 Kg8 52. f5 Rg5 53. f6 Rf5+
54. Kg3 Bf8 55. Rfd7 Rxf6 56. Rd8 Rf5 57. Re8 Rf7 58. Rxf7 Kxf7 59. Ra8 Bd6+ 60.
Kh4 Bf4 61. Ra7+ Ke6 62. Ra6+ Kf5 63. Ra8 Bc2 64. Rc8 Bb3 65. Re8 Bc4 66. Kh5
Bd2 67. Re5+ Kf6 68. Re8 Bxc3 69. Kxh6 Bxd4 70. Kh5 Kf5 71. Kh4 Be5 72. Kh3 Bf1+
73. Kh4 Ke4 74. Rf8 Be2 75. Kh3 Bf3 76. Ra8 d4 77. Ra4 Ke3 78. Ra5 Bf4 79. Ra7
d3 80. Re7+ Kf2 81. Rf7 d2 82. Rd7 d1=Q 0-1

[Event "World Rapid Women 2022"]
[Site "Almaty KAZ"]
[Date "2022.12.27"]
[Round "5.24"]
[White "Lhotska, Anna"]
[Black "Atalik, Ekaterina"]
[Result "0-1"]
[WhiteTitle "WFM"]
[BlackTitle "IM"]
[WhiteElo "2159"]
[BlackElo "2403"]
[WhiteFideId "376183"]
[BlackFideId "4130189"]
[EventDate "2022.12.26"]

1. e4 c6 2. d4 d5 3. f3 Qb6 4. Nc3 e6 5. a3 Be7 6. Be3 Nh6 7. Bd3 Nd7 8. Bf2
dxe4 9. fxe4 Ng4 10. Qxg4 Qxb2 11. Rb1 Qxc3+ 12. Ke2 O-O 13. e5 f5 14. Qh5 c5
15. Nf3 c4 16. Bxf5 exf5 17. Rhe1 Qxc2+ 18. Kf1 Nb6 19. e6 Nd5 20. Ng5 Bxg5 21.
Qxg5 Nf6 22. e7 Re8 23. Rbc1 Qd3+ 24. Kg1 Ne4 25. Qh4 Bd7 26. Rcd1 Qc2 0-1

[Event "World Rapid Women 2022"]
[Site "Almaty KAZ"]
[Date "2022.12.27"]
[Round "5.25"]
[White "Nurmanova, Alua"]
[Black "Arabidze, Meri"]
[Result "0-1"]
[WhiteTitle "WIM"]
[BlackTitle "IM"]
[WhiteElo "2191"]
[BlackElo "2427"]
[WhiteFideId "13729390"]
[BlackFideId "13604040"]
[EventDate "2022.12.26"]

1. e4 c5 2. Nf3 e6 3. d4 cxd4 4. Nxd4 Nc6 5. Nc3 Qc7 6. Be3 a6 7. Be2 Nf6 8. O-O
Be7 9. f4 d6 10. Qe1 O-O 11. Qg3 Nxd4 12. Bxd4 b5 13. a3 Bb7 14. Kh1 Rad8 15.
Bf3 Ne8 16. Rad1 Bf6 17. f5 Bxd4 18. Rxd4 Nf6 19. Rfd1 e5 20. R4d2 Bc6 21. Qh4
a5 22. g4 h6 23. g5 hxg5 24. Qxg5 Nh7 25. Qg3 f6 26. Rg1 Ng5 27. Bg2 Kf7 28. Nd5
Bxd5 29. Rxd5 Qc4 30. b3 Qxc2 31. Rxb5 Rd7 32. Qe3 Rc8 33. Qe1 Rc3 34. Qh4 Rc8
35. Rxa5 Qxb3 36. Qh5+ Kg8 37. Qg4 Rdc7 38. h4 Qb6 39. Rd5 Rc1 40. Rxc1 Rxc1+
41. Rd1 Qb1 42. Rxc1 Qxc1+ 43. Kh2 Nf7 44. Qf3 Qe1 45. Qg3 Qd1 46. Qc3 Nh6 47.
Bf3 Qf1 48. Kg3 Qg1+ 49. Kh3 Qf1+ 50. Bg2 Qf4 51. Qf3 Qd2 52. Bf1 d5 53. Qb3 Kh7
54. Qd3 Qf4 55. exd5 Nxf5 56. Be2 e4 57. Qb3 Qxh4+ 58. Kg2 e3 59. Bd3 Qg3+ 60.
Kh1 Qe1+ 61. Kg2 Qf2+ 62. Kh1 e2 63. Bxf5+ Qxf5 64. Qb4 Qf1+ 65. Kh2 e1=Q 0-1

[Event "World Rapid Women 2022"]
[Site "Almaty KAZ"]
[Date "2022.12.27"]
[Round "5.26"]
[White "Osmak, Yuliia"]
[Black "Petrova, Irina"]
[Result "1/2-1/2"]
[WhiteTitle "IM"]
[BlackTitle "WIM"]
[WhiteElo "2451"]
[BlackElo "2123"]
[WhiteFideId "14101602"]
[BlackFideId "14124122"]
[EventDate "2022.12.26"]

1. d4 g6 2. e4 Bg7 3. Nf3 d6 4. Bd3 Nc6 5. c3 e5 6. Be3 Nf6 7. Nbd2 O-O 8. O-O
exd4 9. cxd4 Re8 10. Rc1 Bd7 11. a3 Rc8 12. h3 Nh5 13. Qc2 h6 14. Nc4 b5 15.
Ncd2 a6 16. d5 Ne5 17. Be2 c6 18. dxc6 Nxc6 19. Qb1 Qf6 20. Rc2 Nf4 21. Bd1 Ne5
22. Rxc8 Rxc8 23. Nxe5 dxe5 24. Bf3 g5 25. Qd1 Be6 26. Bg4 Bxg4 27. Qxg4 Rc2 28.
b4 Qe6 29. Qxe6 Nxe6 30. Nb3 Rc3 31. Nc5 Nd4 32. Nxa6 Rxa3 33. Nc7 Rb3 34. Nd5
Bf8 35. Bd2 Ne2+ 36. Kh2 Nf4 37. Nf6+ Kg7 38. Ne8+ Kg8 39. Rc1 Bxb4 40. Be3 Rc3
41. Rb1 Rc4 42. g3 Ne6 43. Nf6+ Kg7 44. Nd5 Bc5 1/2-1/2

[Event "World Rapid Women 2022"]
[Site "Almaty KAZ"]
[Date "2022.12.27"]
[Round "5.27"]
[White "Khamdamova, Afruza"]
[Black "Maltsevskaya, Aleksandra"]
[Result "0-1"]
[WhiteTitle "WFM"]
[BlackTitle "IM"]
[WhiteElo "2139"]
[BlackElo "2400"]
[WhiteFideId "14210444"]
[BlackFideId "24174041"]
[EventDate "2022.12.26"]

1. e4 c5 2. Nf3 Nc6 3. d4 cxd4 4. Nxd4 e6 5. Nc3 Nf6 6. Nxc6 bxc6 7. e5 Nd5 8.
Ne4 Qc7 9. f4 Qb6 10. c4 Bb4+ 11. Ke2 f5 12. exf6 Nxf6 13. Be3 Qd8 14. Nd6+ Bxd6
15. Qxd6 Bb7 16. Rd1 c5 17. Qxc5 Rc8 18. Qxa7 Qc7 19. Kf2 O-O 20. Kg1 Ng4 21.
Be2 Nxe3 22. Qxe3 Rxf4 23. Rf1 Rxf1+ 24. Bxf1 Rf8 25. h4 Qc6 26. Rh2 Qa4 27. Qe2
Qa7+ 28. Kh1 Rf2 29. Qd3 Be4 30. Qd1 Rxb2 31. c5 Rb1 32. Qe2 Qxa2 0-1

[Event "World Rapid Women 2022"]
[Site "Almaty KAZ"]
[Date "2022.12.27"]
[Round "5.28"]
[White "Tokhirjonova, Gulrukhbegim"]
[Black "Kairbekova, Amina"]
[Result "0-1"]
[WhiteTitle "WGM"]
[BlackTitle "WIM"]
[WhiteElo "2328"]
[BlackElo "2209"]
[WhiteFideId "14203626"]
[BlackFideId "13712799"]
[EventDate "2022.12.26"]

1. e4 e5 2. Nf3 Nc6 3. d4 exd4 4. Nxd4 Qf6 5. c3 Bc5 6. Be3 Nge7 7. Bc4 b6 8.
O-O Bb7 9. f4 Bxd4 10. cxd4 O-O-O 11. d5 Na5 12. Bd4 Qh6 13. Be2 f5 14. b4 fxe4
15. bxa5 Nxd5 16. axb6 axb6 17. Qc1 Rhf8 18. g3 c5 19. Nc3 Nc7 20. Be3 d5 21.
Bg4+ Kb8 22. f5 Qc6 23. Bg5 Rde8 24. a4 d4 25. Nb5 Nd5 26. Bf4+ Ka8 27. Nd6 Nxf4
28. Qxf4 g5 29. Qxg5 Qxd6 30. a5 b5 31. a6 Bc6 32. f6 e3 33. f7 Re5 34. Qg7 e2
35. Rf6 e1=Q+ 36. Rxe1 Rxe1+ 37. Kf2 Qe7 38. Rxc6 Rxf7+ 39. Qxf7 Qxf7+ 40. Kxe1
Ka7 41. Ke2 c4 42. Rd6 d3+ 43. Ke3 Qe7+ 44. Re6 Qc5+ 45. Ke4 d2 46. Rh6 c3 47.
Rxh7+ Kxa6 48. Rh6+ Ka5 0-1

[Event "World Rapid Women 2022"]
[Site "Almaty KAZ"]
[Date "2022.12.27"]
[Round "5.29"]
[White "Tania, Sachdev"]
[Black "Nurgali, Nazerke"]
[Result "1-0"]
[WhiteTitle "IM"]
[BlackTitle "WIM"]
[WhiteElo "2389"]
[BlackElo "2168"]
[WhiteFideId "5007844"]
[BlackFideId "13711261"]
[EventDate "2022.12.26"]

1. d4 d5 2. c4 e6 3. Nc3 Nf6 4. Nf3 dxc4 5. Qa4+ Nbd7 6. e4 a6 7. Qxc4 c5 8.
dxc5 Nxc5 9. e5 Nd5 10. Nxd5 exd5 11. Qc2 Ne4 12. Bd3 Bb4+ 13. Bd2 Nxd2 14. Nxd2
Qa5 15. Rd1 Bg4 16. f3 Rc8 17. Qb1 Qb6 18. fxg4 Qe3+ 19. Be2 Rc4 20. Qd3 Qb6 21.
a3 Rd4 22. Qc2 Bc5 23. b4 Be7 24. Nf3 Rf4 25. g3 Re4 26. Rxd5 Re3 27. Qc8+ Bd8
28. Qd7+ 1-0

[Event "World Rapid Women 2022"]
[Site "Almaty KAZ"]
[Date "2022.12.27"]
[Round "5.30"]
[White "Borisova, Ekaterina"]
[Black "Mkrtchian, Lilit"]
[Result "0-1"]
[WhiteTitle "FM"]
[BlackTitle "IM"]
[WhiteElo "2223"]
[BlackElo "2377"]
[WhiteFideId "34124184"]
[BlackFideId "13300601"]
[EventDate "2022.12.26"]

1. d4 e6 2. c4 b6 3. e4 Bb4+ 4. Nc3 Bb7 5. Bd3 f5 6. f3 Qh4+ 7. g3 Qh5 8. Be3
fxe4 9. fxe4 Qxd1+ 10. Rxd1 Nf6 11. d5 Na6 12. Ne2 Nc5 13. O-O Nxd3 14. Rxd3 O-O
15. a3 Be7 16. Bf4 Ba6 17. b3 Bxa3 18. Bxc7 Bc5+ 19. Kg2 Ng4 20. Rff3 exd5 21.
Nxd5 Rxf3 22. Rxf3 Bb7 23. Nec3 Re8 24. h3 Ne5 25. Rf5 Nd3 26. Kf3 Ne1+ 27. Kf4
Nc2 28. Nb5 Nd4 29. Nxd4 Bxd4 30. Bd6 Bc5 31. Bxc5 bxc5 32. Nc3 d6 33. Ke3 Bc6
34. Nd5 Bd7 35. Rf1 Bxh3 36. Ra1 Rb8 37. Ra3 Rb7 38. Kd3 Kf7 39. Kc3 Bg4 40. Ra6
Ke6 41. Nf4+ Ke7 42. Nd5+ Ke6 43. Nf4+ Ke7 44. Nd5+ Kd7 45. Ne3 Be6 46. g4 h6
47. Ra1 Ke7 48. Ra6 Rd7 49. b4 cxb4+ 50. Kxb4 Kf6 51. Kc3 Ke5 52. Kd3 Rb7 53.
Nf5 Rd7 54. Ra1 Rc7 55. Ne3 Rb7 56. Nd5 Bxg4 57. Ra5 Ke6 58. Ra6 Kd7 59. e5 dxe5
60. c5 Rb3+ 61. Kc4 Be2+ 62. Kxb3 Bxa6 63. Ne3 h5 0-1